Statistics for U.S. Presidential Elections

Click here to take the quiz!

General Stats

  • This quiz has been taken 312 times
  • The average score is 85 of 125

Answer Stats

YearCandidate% Correct
2016 | 2020Donald Trump
99%
2020Joe Biden
99%
2008 | 2012Barack Obama
98%
1988 | 1992George H.W. Bush
98%
2000 | 2004George W. Bush
98%
2016Hillary Clinton
98%
1992 | 1996Bill Clinton
97%
1812DeWitt Clinton
95%
1960John F. Kennedy
93%
1980 | 1984Ronald Reagan
93%
1932 | 1936 | 1940 | 1944Franklin Roosevelt
92%
1788 (uncontested) | 1792 (uncontested)George Washington
92%
1960 | 1968 | 1972Richard Nixon
91%
1904 | 1912Theodore Roosevelt
91%
1976 | 1980Jimmy Carter
90%
1964Lyndon Johnson
90%
1860 | 1864Abraham Lincoln
88%
1952 | 1954Dwight Eisenhower
87%
1796 | 1800John Adams
87%
1824 | 1828John Quincy Adams
87%
1976Gerald Ford
86%
1796 | 1800 | 1804Thomas Jefferson
86%
2000Al Gore
85%
1948Harry Truman
85%
2012Mitt Romney
84%
1928 | 1932Herbert Hoover
83%
2008John McCain
83%
1824 | 1828 | 1832Andrew Jackson
80%
1912 | 1916Woodrow Wilson
79%
1924Calvin Coolidge
78%
1888 | 1892Benjamin Harrison
75%
1836 | 1840William Henry Harrison
75%
1908 | 1912William Howard Taft
75%
1884 | 1888 | 1892Grover Cleveland
74%
2004John Kerry
73%
1836 | 1840 | 1848Martin van Buren
73%
1868 | 1872Ulysses S. Grant
73%
1920Warren G. Harding
73%
1880James Garfield
72%
1808 | 1812James Madison
72%
1816 | 1820 (uncontested)James Monroe
72%
1896 | 1900William McKinley
71%
1844James K. Polk
70%
1984Walter Mondale
69%
1848Zachary Taylor
69%
1876Rutherford B. Hayes
68%
1856James Buchanan
67%
1992Ross Perot
67%
1996Bob Dole
65%
1852Franklin Pierce
64%
1964Barry Goldwater
59%
1944 | 1948Thomas Dewey
57%
1888Michael Dukakis
56%
1856Millard Fillmore
56%
1968Hubert Humphrey
54%
1952 | 1954Adlai Stevenson
53%
1972George McGovern
53%
1968George Wallace
53%
1928Al Smith
45%
1824 | 1832 | 1844Henry Clay
44%
1860Stephen Douglas
41%
1896 | 1900 | 1908William Jennings Bryan
40%
1936Alf Landon
36%
1864George McClellan
35%
1876Samuel Tilden
34%
1860John Breckinridge
32%
1940Wendell Wilkie
32%
1872Horace Greeley
30%
1856John C. Fremont
28%
1860John Bell
27%
1924John Davis
27%
1924Robert La Follette
27%
1916Charles Evans Hughes
25%
1804 | 1808Charles Pinckney
25%
1816Rufus King
25%
1920James Cox
24%
1884James G. Blaine
24%
1852Winfield Scott
24%
1880Winfield Scott Hancock
22%
1868Horatio Seymour
20%
1848Lewis Cass
20%
1904Alton B. Parker
19%
1824William Crawford
14%

Score Distribution

Percentile by Number Answered

Percent of People with Each Score

Your Score History

You have not taken this quiz